Parole che iniziano con la "S" - Statistics

Statistiche generali
  • Questo quiz è stato fatto 355 volte
  • Il punteggio medio è 8 su 15
Statistiche sulle risposte
INDIZIO RISPOSTE % Corretto
Lo si usa per lavarsi le mani Sapone
100%
Lo si crea quando nessuno parla (e lo rompi quando parli) Silenzio
97%
Contengono la nicotina e sono causa di molti tumori Sigarette
96%
Oggetto dove sono riposte le spoglie di un faraone Sarcofago
88%
Tagliare la gola ad un essere umano o ad un animale Sgozzare
88%
Sollevarsi da terra con uno slancio del corpo (a mezz'aria) Saltare
86%
Carne _____, carne di maiale Suina
79%
Azione per la quale si tira fuori una vite Svitare
71%
Espressione che esprime un significato simile ad un'altra Sinonimo
68%
Sacerdotessa di Apollo della città di Cuma Sibilla
17%
Scrisse "De Catilinae coniuratione" Sallustio
10%
Fenomeno di ira improvvisa e passeggera Stizza
6%
Persona che crede nell'intervento di cose soprannaturali negli avvenimenti naturali Superstizionista
4%
Luogo nel quale si ritira Diocleziano dopo l'abdicazione Spalato
3%
Sede di Galerio durante la Tetrarchia Sirmio
2%
Nessun quiz corrispondente trovato
Distribuzione punteggi
Percentuale di utenti per punteggio
Percentile per numero di risposta
I tuoi punteggi nel tempo
Non hai fatto questo quiz